Pakistan under the military (Record no. 549701)

000 -LEADER
fixed length control field 00476nam a2200157Ia 4500
020 ## - INTERNATIONAL STANDARD BOOK NUMBER
International Standard Book Number 0813379857(hb)
082 ## - DEWEY DECIMAL CLASSIFICATION NUMBER
Classification number 954.9105
Author Mark BUR
100 ## - MAIN ENTRY--PERSONAL NAME
Personal name Burki, Shahid Javed
9 (RLIN) 2782
245 ## - TITLE STATEMENT
Title Pakistan under the military
Remainder of title eleven years of Zia-ul-Haq
260 ## - PUBLICATION, DISTRIBUTION, ETC.
Place of publication, distribution, etc. Lahore:
Name of publisher, distributor, etc. Pak Book Corporation,
Date of publication, distribution, etc. 1991
300 ## - PHYSICAL DESCRIPTION
Extent 212p
526 ## - STUDY PROGRAM INFORMATION NOTE
Program name 0
Interest level 0
Reading level 0
Title point value 954_910500000000000_BUR
650 ## - SUBJECT ADDED ENTRY--TOPICAL TERM
Topical term or geographic name entry element MCE
9 (RLIN) 379
650 ## - SUBJECT ADDED ENTRY--TOPICAL TERM
Topical term or geographic name entry element Pakistan -- Politics and Government -- 1971-1988
9 (RLIN) 46352
942 ## - ADDED ENTRY ELEMENTS (KOHA)
Source of classification or shelving scheme
Koha item type Book
Holdings
Withdrawn status Lost status Source of classification or shelving scheme Damaged status Not for loan Permanent Location Current Location Date acquired Total Checkouts Total Renewals Full call number Barcode Date last seen Date last checked out Price effective from Koha item type
          Military College of Engineering (MCE) Military College of Engineering (MCE) 10/09/2014 3 1 954.9105 BUR MCE-44184 05/23/2019 04/26/2019 10/09/2014 Book
© 2023 Central Library, National University of Sciences and Technology. All Rights Reserved.